000
00337nam a2200133Ia 4500
008
240624s9999 xx 000 0 und d
041
_a
eng
082
_a
658.84 RAO
100
_a
RAO MADANMOHAN
245
_a
ASIA PACIFIC INTERNET HANDBOOK EMERGING
260
_c
2002
_a
New Delhi
_b
Tata McGrawhill
300
_a
xviii, : 370
365
_c
RS
999
_c
1029
_d
1029